|
|
|
|
| LEADER |
00000nam a22000004a 4500 |
| 001 |
AR-BbUGT5386 |
| 003 |
AR-BbUGT |
| 005 |
20230404094639.0 |
| 007 |
ta |
| 008 |
170705t2014 mx |0|||0|spa d |
| 020 |
|
|
|a 978-1-4562-2396-0
|
| 040 |
|
|
|a AR-BbUGT
|b spa
|c AR-BbUGT
|
| 082 |
0 |
4 |
|a 001.42
|
| 100 |
1 |
|
|a Hernández Sampieri, Roberto.
|
| 245 |
1 |
0 |
|a Metodología de la investigación /
|c Roberto Hernández Sampieri, Carlos Fernández Collado y Pilar Baptista Lucio.
|
| 250 |
|
|
|a 6a. ed.
|
| 260 |
|
|
|a México :
|b Mc.Graw-Hill,
|c c2014.
|
| 300 |
|
|
|a 600 p. ;
|c 27 cm.
|
| 505 |
0 |
|
|a Los enfoques cuantitativo y cualitativo de la investigación científica -- El proceso de la investigación cuantitativa -- El proceso de la investigación cualitativa -- Los procesos de la investigación mixta
|
| 653 |
|
|
|a Investigación científica
|
| 653 |
|
|
|a Investigación
|
| 653 |
|
|
|a Métodos
|
| 653 |
|
|
|a Metodología de la investigación
|
| 653 |
|
|
|a Proceso de investigación
|
| 700 |
1 |
|
|a Fernández Collado, Carlos.
|
| 700 |
1 |
|
|a Baptista Lucio, Pilar.
|
| 942 |
|
|
|c BK
|h 001.42
|i H43A6
|2 ddc
|6 001_420000000000000_H43A6
|
| 999 |
|
|
|c 11320
|d 11320
|